| 000 | 00800nam a22002657i 4500 | ||
|---|---|---|---|
| 003 | URS | ||
| 005 | 20251001091328.0 | ||
| 008 | 181206s2015 -ph||||| |||| 00| 0 eng d | ||
| 020 | _a9716857863 | ||
| 040 |
_beng _erda _cURS |
||
| 050 | 1 | 4 |
_aLB 1025.3 _bC8174 2015 |
| 100 | 1 |
_aCorpuz, Brenda B, _eauthor |
|
| 245 |
_aPrinciples of teaching : _b(with TLE) / _cBrenda B. Corpuz, Gloria G. Salandanan. |
||
| 264 | 1 |
_aQuezon City : _bLorimar Publishing, _c2015. |
|
| 300 |
_ax, 278 pages ; _c26 cm |
||
| 336 |
_atext _btxt _2rdacontent |
||
| 337 |
_aunmediated _bn _2rdamedia |
||
| 338 |
_avolume _bnc _2rdacarrier |
||
| 500 | _aOBE and K-12 based. | ||
| 526 | _aBEED | ||
| 650 | 0 | _aTeaching | |
| 650 | 0 |
_aEducation _zPhilippines _xCurricula |
|
| 700 | 1 |
_aSalandanan, Gloria G. _eauthor |
|
| 942 |
_cF _2lcc |
||
| 999 |
_c5807 _d5807 |
||